Normal view
MARC view
Entry Personal Name
001 - CONTROL NUMBER
- control field: 49504
003 - CONTROL NUMBER IDENTIFIER
- control field: ARRUPE
005 - DATE AND TIME OF LATEST TRANSACTION
- control field: 20200212093514.0
008 - FIXED-LENGTH DATA ELEMENTS
- fixed length control field: 200212|| aca||aabn | a|a d
040 ## - CATALOGING SOURCE
- Original cataloging agency: ARRUPE
- Transcribing agency: ARRUPE
100 ## - HEADING--PERSONAL NAME
- Personal name: Fitzherbert, Maria Anne,
- Dates associated with a name: 1756-1837.
670 ## - SOURCE DATA FOUND
- Source citation: Work cat.: (ARRUPE)0: Leslie, Anita. 49089, Mrs. Fitzherbert., [1960]